[Event "Quebec-ch Intercoll"]
[Site "Montreal"]
[Date "1991.03.31"]
[Round "5"]
[White "Boulet, Michel"]
[Black "Laflamme, Simon"]
[Result "1/2-1/2"]
[WhiteElo "1637"]
[BlackElo "1554"]
[PlyCount "37"]
[EventDate "1991.03.29"]
[EventType "swiss"]
[EventRounds "6"]
[EventCountry "CAN"]
[SourceTitle "EXT 2022"]
[Source "ChessBase"]
[SourceDate "2021.10.06"]
[SourceVersion "1"]
[SourceVersionDate "2021.10.06"]
[SourceQuality "1"]

1. d4 f5 2. c4 Nf6 3. Nc3 g6 4. g3 Bg7 5. Bg2 0-0 6. Nf3 d6 7. 0-0 c6 8. Qc2 Qc7 9. Re1 e5 10. e3 Kh8 11. b3 Na6 12. a3 Re8 13. Bb2 Rb8 14. b4 b5 15. c5 d5 16. Nxe5 Ng4 17. Nf3 Qe7 18. Qd3 Nc7 19. Re2 1/2-1/2